|
|
|
|
| LEADER |
01016nam a22002537a 4500 |
| 001 |
38114 |
| 003 |
BD-DhAAL |
| 008 |
220314t2015 bg ad||| |||| 00| 0 ben d |
| 999 |
|
|
|c 43763
|d 43763
|
| 020 |
|
|
|a 9789849132554
|
| 040 |
|
|
|a BD-DhAAL
|
| 041 |
|
|
|a ben
|
| 082 |
|
|
|a 954.14
|
| 100 |
|
|
|a আহমেদ, সাইদ
|9 46902
|
| 245 |
|
|
|a বঙ্গাব্দের ইতিহাস /
|c সাইদ আহমেদ
|
| 246 |
|
|
|a Bangabder itihas
|
| 246 |
|
|
|a History of Bengali era
|
| 260 |
|
|
|a ঢাকা :
|b মাওলা ব্রাদার্স,
|c ২০১৫.
|
| 300 |
|
|
|a ৩১২ পৃষ্ঠা :
|b চার্ট ;
|c ২২ সে.মি.
|
| 541 |
|
|
|a Donated By Akbar Ali Khan
|e 38114
|
| 651 |
|
|
|a Bengal (India)
|x History.
|9 46903
|
| 852 |
|
|
|a Ayesha Abed Library
|c Akbar Ali Khan Collection
|
| 942 |
|
|
|2 ddc
|c BK
|
| 952 |
|
|
|0 0
|1 0
|2 ddc
|4 0
|6 954_140000000000000_AHM
|7 1
|9 70123
|a BRACUL
|b BRACUL
|c AAKC
|d 2022-03-14
|e Donated by Akbar Ali Khan
|l 0
|o 954.14 AHM
|p 3010038114
|r 2022-03-14
|t 1
|w 2022-03-14
|y BK
|